Zmeny v podmienkach obchodovania so zahraničím : export na príklade firmy bakalárska práca

Guardado en:
Detalles Bibliográficos
Autor principal: Rybová, Hana
Autor Corporativo: Fakulta podnikového manažmentu EU. Katedra manažmentu
Otros Autores: Füzyová, Ľubica
Formato: Libro
Lenguaje:eslovaco
Publicado: Bratislava 2009
Etiquetas: Agregar Etiqueta
Sin Etiquetas, Sea el primero en etiquetar este registro!

MARC

LEADER 00000nam$a2200000$$$4500
001 0103296
005 20240320075628.3
041 0 |a slo 
044 |a SK 
245 1 0 |a Zmeny v podmienkach obchodovania so zahraničím : export na príklade firmy  |b bakalárska práca  |c Hana Rybová ; škol. Ľubica Füzyová 
264 1 |a Bratislava  |c 2009 
300 |a 42 s. 
100 1 |a Rybová, Hana 
700 1 |a Füzyová, Ľubica 
710 2 |a Fakulta podnikového manažmentu EU. Katedra manažmentu